• 首页
  • 本馆介绍
  • 公告通知
  • 最新文献
  • 馆藏检索
  • 电子资源
  • 读者导购
  • 参考咨询
  • 我的图书馆
  • 登录
  • 详细信息显示
  • 放入我的书架
  • 预约/预借图书
  • 作者相关作品
  • 分类相关作品
  • 丛书相关作品
  • 出版社相关作品

书目信息

  • 表格格式
  • 工作单格式
  • 卡片格式
题名:
有限元法及其在动力机械中的应用
    
 
作者: 郭成壁 , 陈全福 编
分册:  
出版信息: 北京   国防工业出版社  1984
页数: 216页
开本: 25cm
丛书名:
单 册:
中图分类: O242.21
科图分类:
主题词: 动力机械-有限元法-应用 , 有限元法-应用-动力机械 , 计算数学
电子资源:
ISBN:
000 00794nam0 2200265 45
001 0184016225
005 20060322142944.45
010    @dCNY2.15
091    @a15034.2833
100    @a19950525d1984 em y0chiy0121 ea
101 0  @achi
102    @aCN@b110000
105    @ay z 000yy
200 10 @a有限元法及其在动力机械中的应用@Ayou xian yuan fa ji qi zai dong li ji xie zhong de ying yong@f郭成壁,陈全福编@Fguo cheng bi,chen quan fu bian
210    @a北京@c国防工业出版社@d1984
215    @a216页@d25cm
606    @a动力机械-有限元法-应用
606    @a有限元法-应用-动力机械
606 0  @a计算数学
690    @aO242.21@v4
701  0 @a郭成壁@Aguo cheng bi@4编
701  0 @a陈全福@Achen quan fu@4编
801  2 @aCN@bNLC@c20060322
801  0 @aCN@bTSSF
905    @a10447@dO242.21@e3
    
    有限元法及其在动力机械中的应用/郭成壁,陈全福编.-北京:国防工业出版社,1984
    216页;25cm
    
    
    ISBN :CNY2.15
    
●
相关链接 在E读中查询图书 在五车中查询图书 在当当中查询图书 在豆瓣中查询图书


正题名:有限元法及其在动力机械中的应用     索取号:O242.21/3         预约/预借

序号 登录号 条形码 馆藏地/架位号 状态 备注
1 0122078   202217751   密集书库/ [索取号:O242.21/3] 在馆    
2 0122079   202217715   密集书库/ [索取号:O242.21/3] 在馆    
唐山师范学院图书馆 欢迎您!
大连网信软件有限公司© 版权所有